Mystics, monarchs, and messiahs : cultural landscapes of early modern Iran /

Bibliographic Details
Main Author: Babayan, Kathryn, 1960-
Format: Book
Language:English
Published: ©2002
Series:Harvard Middle Eastern monographs ; 35.
Subjects:

MARC

Tag First Indicator Second Indicator Subfields
LEADER 00000cam a2200000 a 4500
001 in00002000219
005 20151031123004.0
008 020412s2002 mauab b 001 0 eng
010 |a  2002105220 
015 |a GBA2-V0333 
020 |a 0932885284 
035 |a (OCoLC)ocm50614981 
040 |a DLC  |c DLC  |d UKM  |d IXA  |d VVC  |d WEA  |d UtOrBLW 
043 |a a-ir--- 
049 |a TXAM 
050 0 0 |a BP188.8.I55  |b B33 2002 
082 0 0 |a 297/.0955  |2 22 
100 1 |a Babayan, Kathryn,  |d 1960- 
245 1 0 |a Mystics, monarchs, and messiahs :  |b cultural landscapes of early modern Iran /  |c Kathryn Babayan. 
246 3 0 |a Cultural landscapes of early modern Iran 
264 2 |a Cambridge, Mass. :  |b Distributed for the Center for Middle Eastern Studies of Harvard University by Harvard University Press,  |c [2002] 
264 4 |c ©2002 
300 |a lvi, 575 pages :  |b illustrations (some color), color map ;  |c 21 cm. 
336 |a text  |b txt  |2 rdacontent 
337 |a unmediated  |b n  |2 rdamedia 
338 |a volume  |b nc  |2 rdacarrier 
490 1 |a Harvard Middle Eastern monographs ;  |v 35 
504 |a Includes bibliographical references (pages 513-543) and indexes. 
650 0 |a Sufism  |z Iran  |x History. 
651 0 |a Iran  |x History  |y Ṣafavid dynasty, 1501-1736. 
830 0 |a Harvard Middle Eastern monographs ;  |v 35. 
948 |a cataloged  |b h  |c 2004/11/2  |d c  |e cmulkey  |f 3:18:35 pm 
994 |a C0  |b TXA 
999 |a MARS 
999 f f |s a951f9da-45ae-32d5-90ed-9b1efd8296ad  |i 7e01b95c-6da2-3e77-8b2c-fcf1eab1910a  |t 0 
952 f f |p normal  |a Texas A&M University  |b College Station  |c Sterling C. Evans Library  |d Evans: Library Stacks  |t 0  |e BP188.8.I55 B33 2002  |h Library of Congress classification  |i unmediated -- volume  |m A14832275531 
998 f f |a BP188.8.I55 B33 2002  |t 0  |l Evans: Library Stacks